[Event "FRA-chT U20"]
[Site "Mulhouse"]
[Date "2005.12.19"]
[Round "5"]
[White "Fischer, Julie"]
[Black "Lavigne Quilichini, Pierre Paul"]
[Result "1-0"]
[WhiteElo "1440"]
[BlackElo "1480"]
[PlyCount "49"]
[EventDate "2005.12.??"]
[EventType "team"]
[EventRounds "11"]
[EventCountry "FRA"]
[SourceTitle "EXT 2007"]
[Source "ChessBase"]
[SourceDate "2006.11.23"]
[SourceVersion "1"]
[SourceVersionDate "2006.11.23"]
[SourceQuality "1"]
[WhiteTeam "Bischwiller"]
[BlackTeam "Sautron"]
[WhiteTeamCountry "FRA"]
[BlackTeamCountry "FRA"]

1. c4 e5 2. Nc3 Nf6 3. g3 Nc6 4. Bg2 Be7 5. Qc2 0-0 6. Nf3 d5 7. cxd5 Nxd5 8. Nxe5 Nxe5 9. Nxd5 Bd6 10. d4 Ng4 11. 0-0 c6 12. Nf4 Bxf4 13. Bxf4 Qxd4 14. Rad1 Qf6 15. Bd6 Rd8 16. Qc5 Qh6 17. h3 Nf6 18. Bf4 Rd5 19. Rxd5 Bxh3 20. Bxh6 Bxg2 21. Kxg2 Nxd5 22. Qc1 gxh6 23. Qxh6 Re8 24. Rh1 Kh8 25. Qxh7# 1-0

[Event "FRA-ch opB U18"]
[Site "Calvi"]
[Date "2005.04.??"]
[Round "8"]
[White "Lavigne Quilichini, Pierre Paul"]
[Black "Rouffignac, Tanguy"]
[Result "1-0"]
[WhiteElo "1330"]
[BlackElo "1260"]
[PlyCount "83"]
[EventDate "2005.04.??"]
[EventType "swiss"]
[EventRounds "9"]
[EventCountry "FRA"]
[SourceTitle "EXT 2006"]
[Source "ChessBase"]
[SourceDate "2005.11.24"]
[SourceVersion "1"]
[SourceVersionDate "2005.11.24"]
[SourceQuality "1"]

1. e4 e5 2. Nf3 Nc6 3. Bc4 Nf6 4. Ng5 d5 5. exd5 Na5 6. Bb5+ c6 7. dxc6 bxc6 8. Ba4 h6 9. Nf3 e4 10. Nh4 Nd5 11. g3 Bh3 12. Qe2 Nf6 13. d3 Qe7 14. Bd2 Qe5 15. Bc3 Qd5 16. Nd2 Bg4 17. f3 Bh3 18. dxe4 Qe6 19. Bxa5 Qe5 20. Bxc6+ Nd7 21. Bxa8 Qxa5 22. a3 Qe5 23. Nc4 Qb8 24. Bd5 Nf6 25. Bc6+ Bd7 26. Bxd7+ Nxd7 27. 0-0-0 g6 28. Qd3 Nc5 29. Qc3 Rg8 30. Qe5+ Qxe5 31. Nxe5 Bg7 32. Rd5 Na4 33. Rhd1 Bf6 34. Rb5 Kf8 35. Nd7+ Kg7 36. Nxf6 Kxf6 37. e5+ Kg7 38. Rb7 a6 39. Rdd7 Rf8 40. e6 Nc5 41. Rxf7+ Rxf7 42. Rxf7+ 1-0